• 首页
  • 本馆介绍
  • 公告通知
  • 最新文献
  • 馆藏检索
  • 电子资源
  • 读者导购
  • 参考咨询
  • 我的图书馆
  • 登录
  • 详细信息显示
  • 放入我的书架
  • 预约/预借图书
  • 作者相关作品
  • 分类相关作品
  • 丛书相关作品
  • 出版社相关作品

书目信息

  • 表格格式
  • 工作单格式
  • 卡片格式
题名:
艺术与视知觉
    
 
作者: 阿恩海姆 著 ;滕守尧 , 朱疆源 译
分册:  
出版信息: 成都   四川人民出版社  1998
页数: 635页
开本: 20cm
丛书名: 美学·设计·艺术教育丛书
单 册:
中图分类: J0-05
科图分类:
主题词: 艺术--关系
电子资源:
ISBN: 7-220-03958-1
000 00828nam2 2200253 45
001 0409221775
005 20040922173014.2
010    @a7-220-03958-1@dCNY29.00
100    @a20040922d1998 km y0chiy0120 ea
101 0  @achi@ceng
105    @afa z 000yy
200 1  @a艺术与视知觉@AYi Shu Yu Shi Zhi Jue@f(美)鲁道夫·阿恩海姆著@F(Mei)Lu Dao Fu·A En Hai Mu Zhu@g滕守尧,朱疆源译
210    @a成都@c四川人民出版社@d1998
215    @a635页@c图@d20cm
225    @a美学·设计·艺术教育丛书@f滕守尧主编
410    @12001 @a美学·设计·艺术教育丛书
410    @1700 0@a滕守尧@ATeng Shou Yao@4主编
606 0  @a艺术@x关系
690    @aJ0-05@v4
701  0 @a阿恩海姆@4著
702  0 @a滕守尧@ATeng Shou Yao@4译
702  0 @a朱疆源@AZhu Jiang Yuan@4译
801    @aCN@bTSTCL@c20040922
905    @b335764-768@dJ0-05@e110@f5
    
    艺术与视知觉/(美)鲁道夫·阿恩海姆著/滕守尧,朱疆源译.-成都:四川人民出版社,1998
    635页:图;20cm.-(美学·设计·艺术教育丛书/滕守尧主编)
    
    
    ISBN 7-220-03958-1:CNY29.00
    
●
相关链接 在E读中查询图书 在五车中查询图书 在当当中查询图书 在豆瓣中查询图书


正题名:艺术与视知觉     索取号:J0-05/110         预约/预借

序号 登录号 条形码 馆藏地/架位号 状态 备注
1 0335764   203357642   第一借阅区/ [索取号:J0-05/110] 在馆    
2 0335765   203357651   第一借阅区/ [索取号:J0-05/110] 在馆    
3 0335766   203357660   第一借阅区/ [索取号:J0-05/110] 在馆    
4 0335767   203357679   第一借阅区/ [索取号:J0-05/110] 在馆    
5 0335768   203357688   第一样本阅览室/ [索取号:J0-05/110] 在馆    
唐山师范学院图书馆 欢迎您!
大连网信软件有限公司© 版权所有